| 000 | 01157nam a2200337 i 4500 | ||
|---|---|---|---|
| 001 | 000026779 | ||
| 003 | DO-SdBNP | ||
| 005 | 20260604150655.0 | ||
| 007 | ta | ||
| 008 | 110325s1973 dr r 000 0 spa d | ||
| 040 |
_aDO-SdBNP _bspa _cBNPHU _erda |
||
| 041 | _aspa | ||
| 082 | 4 |
_a920.07293 _bF618c _223 |
|
| 100 | 1 |
_aFleury, Víctor, _eautor _4aut. _953889 |
|
| 245 | 1 | 0 |
_aCien dominicanos célebres / _cVíctor Fleury, Gustavo Ricart, Pedro R. Bisonó ; prólogo, Ramón Alberto Ferreras. |
| 250 | _aPrimera edición | ||
| 264 |
_aSanto Domingo, R.D. : _bPublicaciones América, _c1973. |
||
| 300 |
_a314 páginas ; _c23 cm |
||
| 336 |
_atexto _btxt _2rdacontent |
||
| 337 |
_asin mediación _bn _2rdamedia |
||
| 338 |
_avolumen _bnc _2rdacarrier |
||
| 490 | 1 | _aCrisol Dominicano < | |
| 590 | _aInventariado, 2024/BT | ||
| 651 |
_aRepública Dominicana _vBiografías _91083 |
||
| 700 | 1 |
_aMejía Ricart, Gustavo Adolfo, _953890 _d1893-1962 _eautor |
|
| 700 | 1 |
_aBisonó, Pedro R. _953891 _eautor |
|
| 700 | 1 |
_aFerreras, Ramón Alberto, _eprologuista _953892 _4prol. |
|
| 830 | 0 |
_aCrisol Dominicano _953893 |
|
| 910 | _aBtavárez | ||
| 942 |
_2ddc _cLBS1 |
||
| 999 |
_c26271 _d26271 |
||